01160nam a2200265 u 450000100100000000500170001000800410002702000180006804000250008608200190011110000370013024500560016726000380022330000200026149000250028150000700030665000290037665000310040583000320043691000370046895201320050595201170063795201230075499900170087700002032420240412074249.0100813s2015 dr 000 j spa d a9789945899115 aDO-SdBNPbspacBNPHU aRD863.5bG216e1 aGarcía Herrera, Edelvis94296910aEscapando del monstruo /cEdelvis García Herrera. aSanto Domingo :bNacional,c2015. a68 p. ;c23 cm.1 aProyectos culturales aIncluye datos biográficos del autor en la solapa de la cubierta 0aCuentos dominicanos9176 0aLiteratura dominicana.967 0aProyectos culturales942970 aValidado. Control de calidad MFF 001054708DSaGRbGRcHDd2017-05-10iLF1l0oRD863.5 G216ep20324-30r2020-06-25te. 3w2020-06-25yLFDSZPréstamo en sala 0010718PDaPDbPDcHDd2017-05-10iLF1l0oRD863.5 G216ep20324-10r2020-06-25w2020-06-25yLFPDZNo se presta 0010718PDaPDbPDcHDd2017-05-10iLF1l0oRD863.5 G216ep20324-20r2020-06-25te. 2w2020-06-25yLFPDZNo se presta c19828d19828